Planeación estratégica: fundamentos y aplicaciones (Registro nro. 3368)
[ vista simple ]
| 000 -Cabecera | |
|---|---|
| Campo de control de longitud fija | 01146ata a2200385 4500 |
| 005 - Fecha y hora de la última transacción | |
| Campo de control | 20241211100252.0 |
| 008 - Elementos de longitud fija--Información general | |
| Campo de control de longitud fija | 150224b xxu||||| |||| 00| 0 eng d |
| 020 ## - International Standard Book Number | |
| Número Internacional Estándar del Libro (ISBN) | 9789701068779 |
| 041 ## - Idioma | |
| Código de idioma | |
| 082 ## - Clasificación Decimal Dewey | |
| Número de clasificación | 658.401.2 C532p2 |
| 100 ## - Entrada principal--Autor personal | |
| Nombre personal | Chiavenato, Idalberto |
| 9 (RLIN) | 3032 |
| 100 ## - Entrada principal--Autor personal | |
| Nombre personal | Sapiro, Aro |
| 9 (RLIN) | 7481 |
| 245 ## - Título propiamente dicho | |
| Título | Planeación estratégica: fundamentos y aplicaciones |
| 250 ## - Edición | |
| Mención de edición | 2 edición |
| 260 ## - Pie de imprenta | |
| Lugar de publicación, distribución, etc. | México |
| Nombre del editor, distribuidor, etc. | McGraw-Hill |
| Fecha de publicación, distribución, etc. | 2011 |
| 300 ## - Descripción física | |
| Extensión | 304 páginas |
| 650 ## - Materia general | |
| Temática (materia general) | PLANEACIÓN ESTRATÉGICA |
| 650 ## - Materia general | |
| Temática (materia general) | ADMINISTRACIÓN |
| 650 ## - Materia general | |
| Temática (materia general) | ESTRATEGIA |
| 650 ## - Materia general | |
| Temática (materia general) | ESTRATEGIAS ORGANIZACIONALES |
| 650 ## - Materia general | |
| Temática (materia general) | ANÁLISIS FODA |
| 650 ## - Materia general | |
| Temática (materia general) | COMPETENCIA |
| 650 ## - Materia general | |
| Temática (materia general) | FORMULACIÓN DE ESTRATEGIAS |
| 650 ## - Materia general | |
| Temática (materia general) | IMPLEMENTACIÓN DE ESTRATEGIAS |
| 650 ## - Materia general | |
| Temática (materia general) | SISTEMAS DE INFORMACIÓN |
| 650 ## - Materia general | |
| Temática (materia general) | ORGANIZACIONES DE APRENDIZAJE |
| 650 ## - Materia general | |
| Temática (materia general) | DIAGNÓSTICO ESTRATÉGICO |
| 650 ## - Materia general | |
| Temática (materia general) | PLANIFICACIÓN EMPRESARIAL |
| 650 ## - Materia general | |
| Temática (materia general) | GESTIÓN EMPRESARIAL |
| 650 ## - Materia general | |
| Temática (materia general) | CONSTRUCCIÓN DE ESCENARIOS |
| 650 ## - Materia general | |
| Temática (materia general) | CONTROL Y EVALUACIÓN |
| 650 ## - Materia general | |
| Temática (materia general) | COMPETITIVIDAD EMPRESARIAL |
| 942 ## - Punto de acceso adicional KOHA | |
| Tipo de ítem KOHA | Libro |
| Fuente del sistema de clasificación o colocación | Dewey Decimal Classification |
| Signatura completa | Código de barras | Programa Académico | Tipo de ítem |
|---|---|---|---|
| 658.401.2 C532p2 | 16853 | Libro | |
| 658.401.2 C532p2 | 17501 | Libro | |
| 658.401.2 C532p2 | 17502 | Libro | |
| 658.401.2 C532p2 | 17503 | Libro | |
| 658.401.2 C532p2 | 20893 | Libro | |
| 658.401.2 C532p2 | 20894 | Libro |